Johann Sebastian Bach.

Saved in:
Bibliographic Details
Main Author: Peyser, Herbert F. (Herbert Francis), 1886-1953
Format: Book
Language:English
Published: New York : Grosset & Dunlap, [1950]
Subjects:
LEADER 01094cam a22002771 4500
001 c000414718
003 CARM
005 00000000000000.0
008 740417s1950 xx 000 0 eng
010 |a 50011825 
019 1 |a 24940661 
035 |a (OCoLC)859786 
040 |a DLC  |b eng  |c OKentU  |d DLC 
050 0 0 |a ML410.B1  |b P45 1950 
082 0 4 |a 780.92 
100 1 |a Peyser, Herbert F.  |q (Herbert Francis),  |d 1886-1953. 
245 1 0 |a Johann Sebastian Bach. 
260 |a New York :  |b Grosset & Dunlap,  |c [1950] 
300 |a vi, 58 p. :  |b illus. ;  |c 18 cm. 
500 |a Previously published under title: Johann Sebastian Bach and a few of his major works. 
500 |a "Complete list of recordings by the Philharmonic-Symphony Society of New York": p. 55-58. 
600 1 0 |a Bach, Johann Sebastian,  |d 1685-1750. 
650 0 |a Orchestral music  |x Discography. 
852 8 |b CARM  |h A3:AF08A0  |i A05634  |p 0569977  |f BK 
999 f f |i 5e99c11c-1d5f-5ddc-9c74-c7782a35485d  |s a40ea5be-09ba-59a4-b033-9f6499053508 
952 f f |p Can circulate  |a CAVAL  |b CAVAL  |c CAVAL  |d CARM 1 Store  |e A05634  |f A3:AF08A0  |h Other scheme  |i book  |m 0569977